FM performance v the national economy (Record no. 67573)

MARC details
000 -LEADER
fixed length control field 00849cam a2200229 4500
001 - CONTROL NUMBER
control field ABS64145
008 - FIXED-LENGTH DATA ELEMENTS--GENERAL INFORMATION
fixed length control field 000000n2001 000 0 eng u
035 ## - SYSTEM CONTROL NUMBER
System control number (Sirsi) u113417
100 ## - MAIN ENTRY--PERSONAL NAME
Personal name Toland, S.
245 ## - TITLE STATEMENT
Title FM performance v the national economy
260 ## - PUBLICATION, DISTRIBUTION, ETC.
Date of publication, distribution, etc. 2001
490 ## - SERIES STATEMENT
Series statement Facilities Management
Volume/sequential designation 8(9) June 2001, 8-9(2)
520 ## - SUMMARY, ETC.
Summary, etc. Argues that facilities managers need to optimise their resource management and make the benefits of the services they provide clear to all within their organisations in order to ensure that they survive a possible economic downturn. Case study, diagrams.
590 ## - LOCAL NOTE (RLIN)
Local note ABS
650 ## - SUBJECT ADDED ENTRY--TOPICAL TERM
Topical term or geographic name entry element FACILITIES MANAGERS
650 ## - SUBJECT ADDED ENTRY--TOPICAL TERM
Topical term or geographic name entry element MONITORING
650 ## - SUBJECT ADDED ENTRY--TOPICAL TERM
Topical term or geographic name entry element OUTSOURCING
650 ## - SUBJECT ADDED ENTRY--TOPICAL TERM
Topical term or geographic name entry element PERFORMANCE MONITORING
650 ## - SUBJECT ADDED ENTRY--TOPICAL TERM
Topical term or geographic name entry element RESOURCE MANAGEMENT
690 ## - LOCAL SUBJECT ADDED ENTRY--TOPICAL TERM (OCLC, RLIN)
Topical term or geographic name as entry element MANAGEMENT-FACILITIES MANAGEMENT
942 ## - ADDED ENTRY ELEMENTS (KOHA)
Suppress in OPAC 0
Holdings
Withdrawn status Lost status Source of classification or shelving scheme Damaged status Not for loan Home library Current library Shelving location Date acquired Total Checkouts Full call number Barcode Date last seen Copy number Price effective from Koha item type
    Dewey Decimal Classification     London London Journal article 04/07/2001   ABS64145 113417-1001 06/08/2019 1 06/08/2019 Journal article